000 01763nam a2200409 a 4500
001 ebr10745066
003 CaPaEBR
006 m o u
007 cr cn|||||||||
008 050208s2004 alug sb 001 0 eng d
010 _z 2005560220
020 _z0817313060
020 _z9780817313067 (trade cloth)
020 _z9780817357658 (pbk.)
020 _z9780817387341 (e-book)
040 _aCaPaEBR
_cCaPaEBR
035 _a(OCoLC)859157440
043 _an-us-al
050 1 4 _aM1629.7.A3
_bA67 2004eb
245 0 3 _aAn Alabama songbook
_h[electronic resource] :
_bballads, folksongs, and spirituals /
_ccollected by Byron Arnold ; edited with an introduction by Robert W. Halli Jr.
260 _aTuscaloosa :
_bUniversity of Alabama Press,
_cc2004.
300 _axxv, 299 p. :
_bmusic.
500 _aUnacc. melody lines with words; additional verses printed as text.
500 _aHistorical background given for each song.
504 _aIncludes song references (p. [283]-288) bilbiographical references (p. [289]-290), and indexes.
505 0 _apt. 1. Ballads -- pt. 2. Folksongs -- pt. 3. Spirituals.
533 _aElectronic reproduction.
_bPalo Alto, Calif. :
_cebrary,
_d2013.
_nAvailable via World Wide Web.
_nAccess may be limited to ebrary affiliated libraries.
650 0 _aBallads, English
_zAlabama.
650 0 _aFolk songs, English
_zAlabama.
650 0 _aSpirituals (Songs)
_zAlabama.
651 0 _aAlabama
_vSongs and music.
655 7 _aElectronic books.
_2local
700 1 _aArnold, Byron,
_d1901-1971.
700 1 _aHalli, Robert William,
_d1946-
710 2 _aebrary, Inc.
856 4 0 _uhttp://site.ebrary.com/lib/rucke/Doc?id=10745066
_zAn electronic book accessible through the World Wide Web; click to view
999 _c32704
_d32704